Tunnels and Shafts in Rock/ (Record no. 1430)

000 -LEADER
fixed length control field 00318 a2200085 4500
082 ## - DEWEY DECIMAL CLASSIFICATION NUMBER
Classification number 624.193 TUN
245 ## - TITLE STATEMENT
Title Tunnels and Shafts in Rock/
Statement of responsibility, etc. Department of the Army U. S Army Corps of Engineers
260 ## - PUBLICATION, DISTRIBUTION, ETC.
Place of publication, distribution, etc. Washington :
Name of publisher, distributor, etc. Department of the Army U. S Army Corps of Engineers,
Date of publication, distribution, etc. 1997
300 ## - PHYSICAL DESCRIPTION
Extent various Pages
Other physical details ill. ;
Dimensions 30 cm
650 ## - SUBJECT ADDED ENTRY--TOPICAL TERM
Topical term or geographic name entry element Tunnels and Rock
Holdings
Withdrawn status Lost status Damaged status Not for loan Permanent Location Current Location Shelving location Date acquired Total Checkouts Full call number Barcode Date last seen Price effective from Koha item type
        School of Civil and Environmental Engineering (SCEE) School of Civil and Environmental Engineering (SCEE)       624.193 TUN NIT-4247 01/05/2017 01/05/2017 Book
© 2023 Central Library, National University of Sciences and Technology. All Rights Reserved.